A New Sociology of Work? /
محفوظ في:
| المؤلف الرئيسي: | |
|---|---|
| التنسيق: | كتاب |
| اللغة: | الإنجليزية |
| منشور في: |
Malden, EUA :
Blackwell : Sociological Review,
2005, c2005
|
| سلاسل: | (Sociological Review Monographs)
|
| الموضوعات: | |
| الوسوم: |
لا توجد وسوم, كن أول من يضع وسما على هذه التسجيلة!
|
MARC
| LEADER | 00000nam^a2200000^a^4500 | ||
|---|---|---|---|
| 001 | 000277881 | ||
| 005 | 20250521000000.0 | ||
| 009 | 20260310111347.848 | ||
| 020 | |a 1-4051-3903-X | ||
| 037 | |a Acervo ITESO - Biblioteca | ||
| 041 | |a ING | ||
| 082 | |a 306. 36 |b PET | ||
| 100 | |a Pettinger, Lynne |e (ed.) | ||
| 245 | 1 | 2 | |a A New Sociology of Work? / |c Ed. de L. Pettinger... [et al.]. |
| 264 | 4 | |a Malden, EUA : |b Blackwell : |b Sociological Review, |c 2005, c2005 | |
| 300 | |a 247 p. | ||
| 336 | |a texto |b txt |2 rdacontenido | ||
| 337 | |a sin mediación |b n |2 rdamedio | ||
| 338 | |a volumen |b nc |2 rdasoporte | ||
| 440 | 1 | |a (Sociological Review Monographs) | |
| 649 | |a XX | ||
| 650 | |a Mercado de Trabajo | ||
| 650 | |a Trabajo Social | ||
| 650 | |a Trabajo | ||
| 650 | |a Relaciones Laborales | ||
| 650 | |a Relaciones Padres-Hijos | ||
| 650 | |a Género | ||
| 650 | |a Feminismo | ||
| 650 | |a Política Laboral | ||
| 650 | |a Organización Social | ||
| 650 | |a Sociología Laboral - |x Tema Principal | ||
| 910 | |a Fondo General | ||
| 920 | |a Impresos - Libros | ||
| 930 | |a Colección General | ||
| 905 | |a 101 | ||
| 901 | |a 0500163965 |b IT1 |c ACC |u 20250521 | ||
| 902 | |a https://opac.biblio.iteso.mx/vufind/Record/000277881 | ||